<?xml version="1.0" encoding="UTF-8"?><?xml-stylesheet type="text/xsl" href="static/style.xsl"?><OAI-PMH xmlns="http://www.openarchives.org/OAI/2.0/" xmlns:xsi="http://www.w3.org/2001/XMLSchema-instance" xsi:schemaLocation="http://www.openarchives.org/OAI/2.0/ http://www.openarchives.org/OAI/2.0/OAI-PMH.xsd"><responseDate>2026-04-14T05:17:57Z</responseDate><request verb="GetRecord" identifier="oai:www.recercat.cat:10459.1/465392" metadataPrefix="marc">https://recercat.cat/oai/request</request><GetRecord><record><header><identifier>oai:recercat.cat:10459.1/465392</identifier><datestamp>2024-12-05T21:35:24Z</datestamp><setSpec>com_2072_3622</setSpec><setSpec>col_2072_479130</setSpec></header><metadata><record xmlns="http://www.loc.gov/MARC21/slim" xmlns:dcterms="http://purl.org/dc/terms/" xmlns:xsi="http://www.w3.org/2001/XMLSchema-instance" xmlns:doc="http://www.lyncode.com/xoai" xsi:schemaLocation="http://www.loc.gov/MARC21/slim http://www.loc.gov/standards/marcxml/schema/MARC21slim.xsd">
   <leader>00925njm 22002777a 4500</leader>
   <datafield ind2=" " ind1=" " tag="042">
      <subfield code="a">dc</subfield>
   </datafield>
   <datafield ind2=" " ind1=" " tag="720">
      <subfield code="a">García Rubio, Maité Priscila</subfield>
      <subfield code="e">author</subfield>
   </datafield>
   <datafield ind2=" " ind1=" " tag="260">
      <subfield code="c">2024-03-19T11:48:25Z</subfield>
   </datafield>
   <datafield ind2=" " ind1=" " tag="260">
      <subfield code="c">2024-03-19T11:48:25Z</subfield>
   </datafield>
   <datafield ind2=" " ind1=" " tag="260">
      <subfield code="c">2023-11-21</subfield>
   </datafield>
   <datafield ind2=" " ind1=" " tag="520">
      <subfield code="a">Aquesta investigació és un estudi exploratori, la finalitat del qual té el disseny de models de Líderatge efectius per a empreses amb climes laborals proactius i reactius. &#xd;
&#xd;
La investigació executada és de caràcter descriptiva, mateixa que es va realitzar a través d'una metodologia qualitativa i que és innovadora perquè es planteja com un dels primers estudis que contempla el disseny d'un test per avaluar l'actitud del personal i d'un test de clima laboral que inclou la variable de Mobbing (assetjament laboral) i l'estudi de l'actitud dels empleats que treballen en les administradores de fons i fideïcomisos. &#xd;
&#xd;
La tesi, té una mostra seleccionada que contempla l' anàlisi del clima laboral i l' actitud del personal de 8 empreses del sector fiduciari quiteño, al qual es va aplicar un mètode de recerca qualitativa.&#xd;
&#xd;
Finalment s'informa que els models de Líderatge dissenyats en aquesta investigació, mostra detall directrius a executar per part dels comandaments gerencials, per corregir els punts crítics i/o debilitats internes de la institució, per aquest motiu poden ser acollits i implementats per part del líder i/o l'alta gerència empresarial, per tal de generar estratègies per desenvolupar les fortaleses internes i generar avantatges competitius.</subfield>
   </datafield>
   <datafield ind2=" " ind1=" " tag="520">
      <subfield code="a">La presente investigación es un estudio exploratorio, cuyo fin tiene el diseño de modelos de Liderazgo eficientes para empresas con climas laborales proactivos y reactivos.&#xd;
&#xd;
La investigación ejecutada es de carácter exploratoria, descriptiva, misma que se realizó a través de una metodología cualitativa y que es innovadora porque se plantea el diseño de un test para determinar si una persona tiene una actitud proactiva o reactiva y de un test de clima laboral que incluye la variable de Mobbing (acoso laboral) y el estudio de la actitud de los colaboradores que trabajan en las administradoras de fondos y fideicomisos.&#xd;
&#xd;
La tesis, tiene una muestra seleccionada que contempla el análisis del clima laboral y la actitud del personal de 8 empresas del sector fiduciario quiteño, al cual se aplicó un método de investigación cualitativa.&#xd;
&#xd;
Finalmente se informa que los modelos de Liderazgo diseñados en esta investigación, muestra a detalle directrices a ejecutar por parte de los mandos gerenciales, para corregir los puntos críticos y/o debilidades internas de la institución, por este motivo pueden ser acogidos e implementados por parte del líder y/o la alta gerencia empresarial, con el fin de generar estrategias para desarrollar las fortalezas internas y generar ventajas competitivas.</subfield>
   </datafield>
   <datafield ind2=" " ind1=" " tag="520">
      <subfield code="a">This research is an exploratory study, whose purpose is to design effective leadership models for companies with proactive and reactive work environments.&#xd;
&#xd;
The research carried out is descriptive, which was carried out through a qualitative methodology and is innovative because it is proposed as one of the first studies that contemplates the design of a test to evaluate the attitude of the staff and a work environment test that includes the variable of Mobbing (workplace harassment) and the study of the attitude of the employees who work in the fund managers and Trusts.&#xd;
&#xd;
The thesis has a selected sample that contemplates the analysis of the work environment and the attitude of the staff of 8 companies in the Quito fiduciary sector, to which a qualitative research method was applied.&#xd;
&#xd;
Finally, it is reported that the leadership models designed in this research, shows in detail guidelines to be executed by the managerial managers, to correct the critical points and / or internal weaknesses of the institution, for this reason they can be welcomed and implemented by the leader and / or senior business management, in order to generate strategies to develop internal strengths and generate competitive advantages.</subfield>
   </datafield>
   <datafield ind1="8" ind2=" " tag="024">
      <subfield code="a">http://hdl.handle.net/10459.1/465392</subfield>
   </datafield>
   <datafield tag="653" ind2=" " ind1=" ">
      <subfield code="a">Lideratge</subfield>
   </datafield>
   <datafield tag="653" ind2=" " ind1=" ">
      <subfield code="a">Clima laboral</subfield>
   </datafield>
   <datafield tag="653" ind2=" " ind1=" ">
      <subfield code="a">Fiduciari</subfield>
   </datafield>
   <datafield tag="653" ind2=" " ind1=" ">
      <subfield code="a">Liderazgo</subfield>
   </datafield>
   <datafield tag="653" ind2=" " ind1=" ">
      <subfield code="a">Fiduciario</subfield>
   </datafield>
   <datafield tag="653" ind2=" " ind1=" ">
      <subfield code="a">Leadership</subfield>
   </datafield>
   <datafield tag="653" ind2=" " ind1=" ">
      <subfield code="a">Work environment</subfield>
   </datafield>
   <datafield tag="653" ind2=" " ind1=" ">
      <subfield code="a">Trustee</subfield>
   </datafield>
   <datafield tag="653" ind2=" " ind1=" ">
      <subfield code="a">Organització d'Empreses</subfield>
   </datafield>
   <datafield tag="653" ind2=" " ind1=" ">
      <subfield code="a">65</subfield>
   </datafield>
   <datafield ind2="0" ind1="0" tag="245">
      <subfield code="a">Liderazgo Viktoriano: Diseño modelos de Liderazgo, para empresas con clima laboral reactivo y proactivo. Sector Fiduciario de Quito</subfield>
   </datafield>
</record></metadata></record></GetRecord></OAI-PMH>